| 000 | 01386 a2200241 4500 | ||
|---|---|---|---|
| 001 | 57154 | ||
| 005 | 20260407155834.0 | ||
| 008 | 260407a1994 arg spa d | ||
| 003 | AR-UNSa-BCEJYS | ||
| 040 |
_aAR-UNSa-BCEJYS _bspa _cAR-UNSa-BCEJYS |
||
| 080 |
_a658.818 _xServicio a los consumidores. Servicios posventa (Atención al cliente) |
||
| 245 | 1 | 0 | _aManual de AMA para la satisfacción del cliente |
| 020 | _a950-641-260-X | ||
| 264 | 1 |
_aBuenos Aires : _bGranica _c1994 |
|
| 300 |
_a279 p. _c22 cm. |
||
| 505 | _a1. La satisfacción del cliente: el desafío – 2. Planificación de la satisfacción del cliente - 3. ¿Quiénes son los clientes? – 4.Investigaciones cualitativas y cuantitativas – 5. Determinar las características fundamentales de rendimiento: el cliente define la satisfacción – 6. ¿Encuestas por correo o telefónicas? – 7. Confección de cuestionario – 8.Como conducir la encuesta de satisfacción del cliente – 9.Analisis de los resultados: Investigación cualitativa – 10.Analisis de los resultados: Porcentajes y proporciones – 11.Analisis de los resultados: Técnicas estadísticas. | ||
| 041 | _aspa | ||
| 942 | _cBK | ||
| 590 | _aniveau_biblio:m niveau_hierar:0 | ||
| 100 | 1 | _aDutka, Alan | |
| 700 | 1 | _aMazia, Ana Silvia | |
| 856 | 4 | 1 |
_uhttps://biblioeco.unsa.edu.ar/pmb/images/libros/L128724.jpg _yImagen de portada _qimage/jpeg |
| 999 |
_c6146 _d6146 |
||